Marseille Movies by Picture - Statistics

General Stats
  • This quiz has been taken 82 times
  • The average score is 4 of 16
Answer Stats
Picture Answer % Correct
The Bourne Identity
59%
Asterix: The Secret of the Magic Potion
57%
Taxi
50%
The French Connection
47%
Catch Me If You Can
31%
The Count of Monte-Cristo
28%
Love Actually
16%
Breathless
15%
Marius
15%
Stillwater
12%
Transit
7%
My Father’s Glory
5%
A Prophet
4%
Army of Shadows
4%
Beau Travail
4%
Le Cercle Rouge
3%
No matching quizzes found
Score Distribution
Percent of People with Each Score
Percentile by Number Answered
Your Score History
You have not taken this quiz